Szabadtéri Játékok [keresztrejtvény] /
Elmentve itt :
| Szerző: | |
|---|---|
| Dokumentumtípus: | Cikk |
| Megjelent: |
1960-08-07
|
| Sorozat: | Délmagyarország
50 No. 186 |
| Kulcsszavak: | Szabadtéri Játékok, Játék keresztrejtvény 1960 |
| Online Access: | http://dmarchiv.bibl.u-szeged.hu/77756 |
| LEADER | 00504nab a2200157 i 4500 | ||
|---|---|---|---|
| 001 | delm77756 | ||
| 005 | 20180928084340.0 | ||
| 008 | 180928s1960 hu o 0|| hun d | ||
| 040 | |a SZTE Délmagyarország Archívum |b hun | ||
| 041 | |a hun | ||
| 100 | 1 | |a Metzger Károly | |
| 245 | 1 | 0 | |a Szabadtéri Játékok |h [elektronikus dokumentum] : |b [keresztrejtvény] / |c Metzger Károly |
| 260 | |c 1960-08-07 | ||
| 300 | |a 8 | ||
| 490 | 0 | |a Délmagyarország |v 50 No. 186 | |
| 695 | |a Szabadtéri Játékok, Játék keresztrejtvény 1960 | ||